000 nam a22 7a 4500
999 _c7829
_d7829
008 171025b xxu||||| |||| 00| 0 eng d
100 _aRaman Krishna
_94303
245 _aYoga and Medical Science
260 _aMadras
_bEastwest Books Pvt.ltd
_c2003